LEADER 00937cam2 22002771 450 001 SOBE00047308 005 20150521141004.0 100 $a20150521d1987 |||||ita|0103 ba 101 $aita 102 $aIT 200 0 $a1$fDomenico Scinà 210 $aBologna$cCappelli$d1987 215 $aXXXVI, 78 p.$d20 cm 225 2 $aUniversale Il Portolano$v26,2 410 1$1001LAEC00019927$12001 $a*Universale Il Portolano$v26,2 461 1$1001E600200070472$12001 $aMemorie sulla vita e filosofia d'Empedocle / Domenico Scinà 700 1$aScinà$b, Domenico$3A600200063861$4070$056116 801 0$aIT$bUNISOB$c20150521$gRICA 850 $aUNISOB 852 $aUNISOB$j004848$m55802 912 $aSOBE00047308 940 $aM 102 Monografia moderna SBN 941 $aW 957 $x100$a004848$b-1$gSI$d55802$racquisto$1catenacci$2UNISOB$3UNISOB$420150521140522.0$520150521140548.0$6catenacci 996 $a1$91709191 997 $aUNISOB LEADER 02299nam 2200373 450 001 9910688383603321 005 20230702150719.0 035 $a(CKB)5580000000514417 035 $a(NjHacI)995580000000514417 035 $a(EXLCZ)995580000000514417 100 $a20230702d2022 uy 0 101 0 $aeng 135 $aur||||||||||| 181 $ctxt$2rdacontent 182 $cc$2rdamedia 183 $acr$2rdacarrier 200 00$aThermoelectricity $erecent advances, new perspectives and applications /$fGuangzhao Qin, editor 210 1$aLondon :$cIntechOpen,$d2022. 215 $a1 online resource (148 pages) 311 $a1-83962-611-9 327 $a1. Introductory Chapter: Thermoelectricity -- Recent Advances, New Perspectives, and Applications -- 2. Optimization of Thermoelectric Properties Based on Rashba Spin Splitting -- 3. Processing Techniques with Heating Conditions for Multiferroic Systems of BiFeO3, BaTiO3, PbTiO3, CaTiO3 Thin Films -- 4. Research Progress of Ionic Thermoelectric Materials for Energy Harvesting -- 5. Challenges in Improving Performance of Oxide Thermoelectrics Using Defect Engineering -- 6. Thermoelectricity Properties of Tl10-x ATe6 (A = Pb) in Chalcogenide System -- 7. Thermoelectric Elements with Negative Temperature Factor of Resistance -- 8. Quantum Physical Interpretation of Thermoelectric Properties of Ruthenate Pyrochlores. 330 $aNext-generation energy sources are crucial for combating the world's energy crisis. One such alternative energy source is thermoelectricity, which is cost-efficient and environmentally friendly. This book presents a comprehensive overview of the progress made in thermoelectrics over the past few years with a focus on charge and heat carrier transport from both theoretical and experimental viewpoints. It also presents new strategies to improve thermoelectricity and discusses device physics and applications to guide the research community. 606 $aThermoelectricity 606 $aElectric conductivity 615 0$aThermoelectricity. 615 0$aElectric conductivity. 676 $a537.65 702 $aQin$b Guangzhao 801 0$bNjHacI 801 1$bNjHacl 906 $aBOOK 912 $a9910688383603321 996 $aThermoelectricity$93084471 997 $aUNINA